On This Day: January 31st Quiz Stats

 Plays Quiz Updated Jan 31, 2018

Score 0/7 Timer 03:00
0 Plays Today
Question Answer Wrong Answers
United States President Harry S. Truman announces a program to develop the ______ bomb.
1950
Hydrogen
92.2%
Electromagnetic
0.6%
Napalm
1.9%
Neutron
4.3%
This Marxist revolutionary, a major figure in the Bolshevik victory in the Russian Civil War, leaves the Soviet Union for Turkey under exile .
1929
Leon Trotsky
90.4%
Friedrich Engels
4.2%
Georgi Plekhanov
2.6%
Felix Dzerzhinsky
2.2%
Mercury-Redstone 2 is launched, with Ham the ______ becoming the first hominid to travel into outer space.
1961
Chimpanzee
89.4%
Orangutan
6%
Gorilla
1.7%
Mandrill
1.6%
This American singer-songwriter, who rose to prominence as one of the two lead vocalists of the boy band NSYNC, is born.
1981
Justin Timberlake
88.1%
Nick Lachey
5%
Nick Jonas
3.4%
Adam Levine
1.7%
The US Congress passes this Amendment to the United States Constitution, abolishing slavery.
1865
13th
64.3%
11th
6%
15th
17.5%
17th
12.2%
The first McDonald's in this country opens.
1990
Soviet Union
48.8%
China
39.4%
Mexico
3.8%
France
5.8%
Nauru gains independence from ______.
1968
Australia
27.7%
New Zealand
23.4%
France
29.5%
Portugal
17.7%

You're not logged in!

Compare scores with friends on all Sporcle quizzes.
OR
Log In

You Might Also Like...

Show Comments

Extras

Top Quizzes Today


Score Distribution

Your Account Isn't Verified!

In order to create a playlist on Sporcle, you need to verify the email address you used during registration. Go to your Sporcle Settings to finish the process.

Report this User

Report this user for behavior that violates our Community Guidelines.

Details: